00498nam a2200169Ia 4500003000900000008004100009020001800050040001600068080001800084100002200102245008700124260002900211300001000240650002100250650004100271650001600312IN-BaIIA211028s9999 xx 000 0 eng d a0-85038-533-4 cIIA Library a621-52bCOI-1 aCoiffet, Philippe 0aModelling and controlcPhilippe Coiffet  aLondonbKogan Pagec1981 a160p. aAdaptive control aAstronomy and astrophysics thesaurus aCybernetics